书目信息 |
| 题名: |
中药浸提物生产工艺学
|
|
| 作者: | 曹光明 主编 | |
| 分册: | ||
| 出版信息: | 北京 化学工业出版社 2009.04 |
|
| 页数: | 318页 | |
| 开本: | 26cm | |
| 丛书名: | ||
| 单 册: | ||
| 中图分类: | R284.2 | |
| 科图分类: | ||
| 主题词: | 中药化学成分--zhong yao hua xue cheng fen--提取--生产工艺 | |
| 电子资源: | ||
| ISBN: | 978-7-122-03924-8 | |
| 000 | 00906nam0 2200241 450 | |
| 001 | 012009188546 | |
| 005 | 20091110202044.39 | |
| 010 | @a978-7-122-03924-8@dCNY75.00 | |
| 100 | @a20091110d2009 em y0chiy0120 ea | |
| 101 | 0 | @achi |
| 102 | @aCN@b110000 | |
| 105 | @aak a 000yy | |
| 106 | @ar | |
| 200 | 1 | @a中药浸提物生产工艺学@Azhong yao jin ti wu sheng chan gong yi xue@f曹光明主编@Fcao guang ming zhu bian |
| 210 | @a北京@c化学工业出版社@d2009.04 | |
| 215 | @a318页@c图@d26cm | |
| 320 | @a有书目 (第314-318页) | |
| 330 | @a本书是关于中药提取生产工艺的专著,系统且详细地讲述了药材活性成分的浸提生产工艺原理、药材浸提物的分离纯化生产工艺原理、药材浸提物生产工艺的优化和生产实例等内容。 | |
| 606 | 0 | @a中药化学成分@Azhong yao hua xue cheng fen@x提取@x生产工艺 |
| 690 | @aR284.2@v4 | |
| 701 | 0 | @a曹光明@Acao guang ming@4主编 |
| 801 | 0 | @aCN@bQSSK@c20091110 |
| 905 | @b764972-73@dR284.2@eC114@f2 | |
| 中药浸提物生产工艺学/曹光明主编.-北京:化学工业出版社,2009.04 |
| 318页:图;26cm |
| ISBN 978-7-122-03924-8:CNY75.00 |
| 本书是关于中药提取生产工艺的专著,系统且详细地讲述了药材活性成分的浸提生产工艺原理、药材浸提物的分离纯化生产工艺原理、药材浸提物生产工艺的优化和生产实例等内容。 |
| ● |
| 相关链接 |
|
|
|
正题名:中药浸提物生产工艺学
索取号:R284.2/C114
 
预约/预借
| 序号 | 登录号 | 条形码 | 馆藏地/架位号 | 状态 | 备注 |
| 1 | 764972 | 207649721 | 自科库401/401自科库 12排4列1层/ [索取号:R284.2/C114] | 在馆 | |
| 2 | 764973 | 207649730 | 自科库401/401自科库 12排4列1层/ [索取号:R284.2/C114] | 在馆 |